| 000 | 005790000a22001810004500 | ||
|---|---|---|---|
| 003 | MACL | ||
| 005 | 20160427170152.0 | ||
| 008 | 160427b xxu||||| |||| 00| 0 eng d | ||
| 040 |
_aMACL _cMACL |
||
| 041 | _aHindi | ||
| 082 | _a800 | ||
| 100 |
_aडॉ विजय प्रकाश गौड _954480 |
||
| 245 | _aगोस्वामी तुलसीदास का जीवनवृत्त | ||
| 260 |
_bअनुभव पब्लिकेशन _c2009 _aदिल्ली |
||
| 350 | _a150 | ||
| 650 |
_aLiteracture _954481 |
||
| 942 |
_cHIN _k800 _2ddc |
||
| 999 |
_c45130 _d45130 |
||